Formy činnosti verejnej správy
Správne úkony verejnej správy. Tieto úkony majú rôznorodý charakter a sledujú konkrétny účel a cieľ. Realizácia kompetencií správnych orgánov prostredníctvom správnych úkonov. Charakteristické črty správnych aktov. Normatívne a individuálne správne akty. Úkony spoločensko-organizátorské. Úkony mater...
Gespeichert in:
| 1. Verfasser: | |
|---|---|
| Format: | Buchkapitel |
| Sprache: | Slowakisch |
| Schlagworte: | |
| Tags: |
Keine Tags, Fügen Sie das erste Tag hinzu!
|
MARC
| LEADER | 00000naa a2200000 4500 | ||
|---|---|---|---|
| 001 | r019693 | ||
| 005 | 20221213101321.0 | ||
| 041 | 0 | |a slo | |
| 044 | |a SK | ||
| 245 | 1 | 0 | |a Formy činnosti verejnej správy |c P. Škultéty |
| 520 | |a Správne úkony verejnej správy. Tieto úkony majú rôznorodý charakter a sledujú konkrétny účel a cieľ. Realizácia kompetencií správnych orgánov prostredníctvom správnych úkonov. Charakteristické črty správnych aktov. Normatívne a individuálne správne akty. Úkony spoločensko-organizátorské. Úkony materiálno-technické. | ||
| 610 | 2 | 0 | |a správa verejná |
| 610 | 2 | 0 | |a správa verejná |
| 610 | 2 | 0 | |a normy právne |
| 610 | 2 | 0 | |a kompetencie |
| 100 | 1 | |a Škultéty, P. | |